| 000 | 00716nam a22002531 4500 | ||
|---|---|---|---|
| 001 | 140881 | ||
| 003 | ES-MaACL | ||
| 005 | 20230906200155.0 | ||
| 007 | t| | ||
| 008 | 070918s1971 sp ||||0| spa d | ||
| 016 | 7 | _zIND2000945503 | |
| 040 |
_aM-BN _bspa _cCDM |
||
| 080 | _a820-311.2"19" | ||
| 100 | 1 |
_aWilder, Thornton. _9116830 |
|
| 245 | 1 | 3 |
_aEl octavo día / _ctraducción del inglés por Juan Martín Ruiz-Werner. |
| 260 |
_a[Madrid] : _bAguilar, _c[1971] |
||
| 300 |
_a449 p. ; _c20 cm. |
||
| 490 | 1 | _aNovela nueva | |
| 700 | 1 |
_aMartín Ruiz-Werner, Juan. _977640 |
|
| 830 | 0 |
_aNovela nueva _9181748 |
|
| 852 |
_aES-MaACL _jC-39214 _bR.77702 |
||
| 999 |
_c140881 _d140881 |
||